00000000cam 2200000zi 4500
0019.962843
003CaOODSP
00520260515110530
006m     o  d f      
007cr mn|||||||||
008260515s1984    onc     ob   f000 0 fre d
040 |aCaOODSP|bfre|erda|cCaOODSP
043 |an-cn---
0861 |aJS4-1/1984-89F-PDF
1001 |aBillingsley, Brenda, |eauteur.
24514|aUne gamme d'options stratégiques destinées à influencer l'importance des populations pénitentiaires / |cBrenda Billingsley et Robert G. Hann.
264 1|a[Ottawa] : |bMinistère du Solliciteur général du Canada, |c1984.
300 |a1 ressource en ligne (1 volume (pagination multiple)).
336 |atexte|btxt|2rdacontent/fre
337 |ainformatique|bc|2rdamedia/fre
338 |aressource en ligne|bcr|2rdacarrier/fre
4901 |a[Rapport pour spécialistes] ; |vno. 1984-89
500 |aÉdition numérisée de l'imprimée [par Sécurité publique Canada].
500 |aPublié aussi en anglais sous le titre : Alternative strategies to influence pentientiary population.
500 |a« Le présent document de travai, établi aux termes d'un contrat avec la Division de la recherche, est présenté ici tel que soumis au ministère du Solliciteur Général du Canada. Il n'exprime que les opinions de ses auteurs et n'engage pas le Ministère. »
504 |aComprend des références bibliographiques (pages B1-B15).
520 |a« Le présent rapport, qui constitue un catalogue descriptif des stratégies destinées à influer sur l'importance des populations pénitentiaires » -- Objet du rapport, page 1.
650 6|aPrisons|xSurpopulation|zCanada.
650 6|aSentences (Procédure pénale)|zCanada.
650 6|aLibération conditionnelle|zCanada.
7101 |aCanada. |bSolliciteur général Canada, |eorganisme de publication.
77508|tAlternative strategies to influence pentientiary population / |w(CaOODSP)9.962840
830#0|aRapport pour spécialistes (Canada. Solliciteur général Canada)|vno. 1984-89.|w(CaOODSP)9.808484
85640|qPDF|s2.19 Mo|uhttps://publications.gc.ca/collections/collection_2026/sp-ps/js4-1/JS4-1-1984-89-fra.pdf